平埔巴宰族滄桑史 : 臺灣開拓史上的功臣

資料類型: Book 圖書   書目號:32318

Leader xxxxxxxxxx
001 __ PCLIS00032318
005 __ 20030227081535.35
010 0_ |a957-638-599-7|b平裝|dNT$400
020 __ |acw|b82005151
100 __ |a20030227d2003        0chib0109    e
101 0_ |achi
102 __ |acw
105 __ |aa   z   000yy
200 1_ |a平埔巴宰族滄桑史|e臺灣開拓史上的功臣|f潘大和著|g
205 __ |a初版
210 __ |a臺北市|c南天|d2002年
215 0_ |a361面|c圖, 表|d22公分
225 1_ |a臺灣原住民系列|v5
681 __ |a536.299|b
700 __ |a|b大和|4702 _1 |a|b|4
801 __ |acw|b本館|c20030227
  
  
  
  
  
  
  
  
  
  
  
  
  
  
  
  
  
  
詳細館藏(共 1 筆)
索 書 號登 錄 號冊次號館別 / 館藏地流通類型狀態加入預約清單電子資源
536.299 / 8376 5003022  鄉土教育資源中心 / 鄉土教育資源中心 不可外借 在館   

| 條列資料




目錄查詢 分類查詢 個人資料 圖書薦購 新書查詢 閉館日 排行榜 更多電子資源 Hami書城 線上資料庫 登出

From : 216.73.217.14

  本日流通累計至 13:38:52 借閱 : 0 次 續借 : 0 次 歸還 : 0 次 預約 : 0 次 電子資源 : 0 次


內湖高中圖書館  PCLIS 版本  25.5.0.2